00918nam a2200229Ia 4500003000900000008004100009020002200050040001600072080001900088245016700107260003600274300001400310650004100324650003200365650003500397700003300432700003700465700002500502942000700527999001700534952013700551IN-BaIIA211028s9999 xx 000 0 eng d a978-0-8243-0945-9 cIIA Library a(05)52bANN-45 0aAnnual review of astronomy and astrophysicsbvol. 45cedited by Blandford Roger, John Kormendey and Ewnie Van Dishoeck  aPalo AltobAnnual Reviewsc2007 axi, 701p. aAstronomy and astrophysics thesaurus aAstronomy-Periodicals94087 aAstrophysics-Periodicals94088 aBlandford, Roger, ed.928594 aDishoeck, Ewnie Van, ed. 931135 aKormendey, John, ed. cBK c16696d16696 00104070aBANbBANcGENd2007-11-29eEDS g9343.00l0o(05)52/ ANN-45p17618r2021-11-05v9343.00w2007-11-29yBKGRs. 9343.00